000 01469nam0a2200361 4500
001 RU\NLR\BIBL_A\022668615
005 20251201163340.0
010 _a978-5-907953-64-2
_92500
021 _aRU
_bКН-П-25-060353
_9КН-П-25-5825
035 _a(NLR Aleph) 022668615
090 _a13472306
_c13472306
100 _a20251119d2025 c y0rusy50 ca
101 0 _arus
102 _aRU
105 _aac z 000ay
181 0 _ai
_baxxe
181 0 _ab2
_bbb2e
182 0 _an
200 1 _aЕнисей
_eбольшая вода
_e[для младшего школьного возрата
_eдля чтения взрослыми детям]
_fТатьяна Панова
_gхудожник Валентина Стахнова
203 _aТекст
_aИзображение
_bвизуальные
_cнепосредственные
210 _aМосква
_cНастя и Никита
_d2025
215 _a21, [3] с.
_cил., цв. ил.
_d27
225 1 _aНастя и Никита
_vвып. 275
333 _a6+
607 _aЕнисей, река (Сибирь)
_jИздания для детей
_2nlr_sh1
_2nlr_sh2
_3RU\NLR\AUTH\66226182
686 0 _aШ9
_bД22
700 1 _aПанова
_bТ. Д.
_f1949-
_gТатьяна Дмитриевна
_3RU\NLR\AUTH\77315
702 1 _aСтахнова
_bВ.
_gВалентина
_4040
942 _cBOOK
980 _aNB